| 000 | 00958nam a2200229 a 4500 | ||
|---|---|---|---|
| 001 | 52764 | ||
| 003 | BD-RjUL | ||
| 005 | 20211209075845.0 | ||
| 008 | 160926s1970 ii |||| ||| 000 0 ben d | ||
| 020 | _c: Tk. 10.00 | ||
| 035 | _a(BD-RjUL)52884 | ||
| 040 |
_aBD-RjUL _bben _cBD-RjUL _dBD-RjUL |
||
| 041 | _aben | ||
| 082 |
_223 _a891.44109 _bSEP 1970 |
||
| 100 | 1 |
_aসেনগুপ্ত, শ্রীপ্রদ্যোত _9157788 |
|
| 245 | 1 | 0 |
_aপ্রাচীন বাংলাকাব্যের ত্রিধারা / _cশ্রীপ্রদ্যোত সেনগুপ্ত |
| 260 |
_aকলিকাতা : _bআলফা পাবলিসিং, _c১৯৭০ [১৩৭৬] |
||
| 300 |
_a[৬] ১৫২ পৃ. _c২১ সেমি. |
||
| 650 |
_aবাংলা কবিতা _xইতিহাস ও সমালোচনা _9157789 |
||
| 650 |
_aBengali poetry _xHistory and criticism _9157790 |
||
| 942 |
_2ddc _cBK |
||
| 999 |
_c52764 _d52764 |
||